La introducción de la economía política en España hasta 1870 (Record no. 113206)

MARC details
000 -LEADER
campo de control de longitud fija 00674nam a2200181 4500
001 - NÚMERO DE CONTROL
campo de control 113206
003 - IDENTIFICADOR DE NÚMERO DE CONTROL
campo de control ES-MaACL
005 - FECHA Y HORA DE LA ÚLTIMA TRANSACCIÓN
campo de control 20230906185809.0
007 - CAMPO FIJO DE DESCRIPCIÓN FÍSICA--INFORMACIÓN GENERAL
campo de control de longitud fija t|
008 - DATOS DE LONGITUD FIJA--INFORMACIÓN GENERAL
campo de control de longitud fija 061121s1981 sp r ||||1| spa d
100 1# - ENTRADA PRINCIPAL--NOMBRE DE PERSONA
Nombre de persona Núñez Romero-Balmas, Gregorio.
9 (RLIN) 86222
245 13 - MENCIÓN DEL TÍTULO
Título La introducción de la economía política en España hasta 1870
Resto del título : catálogo de traducciones y notas críticas /
Mención de responsabilidad, etc. Gregorio Núñez Romero-Balmas.
260 ## - PUBLICACIÓN, DISTRIBUCIÓN, ETC.
Lugar de publicación, distribución, etc. Granada :
Nombre del editor, distribuidor, etc. Universidad,
Fecha de publicación, distribución, etc. 1981.
300 ## - DESCRIPCIÓN FÍSICA
Extensión 13 h. ;
Dimensiones 22 cm.
500 ## - NOTA GENERAL
Nota general Es tirada aparte de: `Anuario de Historia Contemporánea`, 1981, 8, p. 287-311.
710 2# - ENTRADA AGREGADA--NOMBRE DE ENTIDAD CORPORATIVA
Nombre de entidad corporativa o nombre de jurisdicción como elemento de entrada Universidad de Granada.
9 (RLIN) 7176
852 ## - LOCALIZACIÓN
Ubicación ES-MaACL
Número de control de estantería 2127-F-8
Holdings
Estatus retirado Estado de pérdida Estado de daño No para préstamo Colección Biblioteca de origen Biblioteca actual Ubicación en estantería Fecha de adquisición Fuente de adquisición Total de préstamos Signatura topográfica completa Código de barras Visto por última vez Precio de reemplazo Tipo de ítem Koha
        Colección de folletos Biblioteca del Ateneo de Madrid Biblioteca del Ateneo de Madrid Depósito folletos 17/01/2008     2127-F-10 1118078 23/02/2023 23/02/2023 Folleto